Quizzes
Events
Quiz Creation
Community
Videos
Private Events
Remove Ads
Sign In
Join for FREE
Feedback
Dark Mode
Quiz Categories
Sports
Geography
Music
Movies
Television
Just For Fun
Miscellaneous
History
Literature
Language
Science
Gaming
Entertainment
Religion
Holiday
For Kids
Quiz Lab
Recent
Popular Today
Quiz Kudos Today
Editor Picks
Curator Picks
Quizzes by...
Day
Popularity
Type
Ratings
Length
Year
Community
Subscriptions
Recent Discussions
Orange Saloon
Badges
Playlists
Quests
Create
Leaderboards
Showdown
Live 5
Trivia Bingo
Activity
Puzzle Library
Sporcle Events
Private Events
Virtual Trivia
Globe League
Become a Host
Pub Owners
SporcleCon
Opinionation
Our Games
Videos
Blog
Mobile Apps
Partnerships
Remove Ads and Go Orange
Feedback
Literature
Harry Potter
A Song of Ice and Fire
The Hunger Games
Literary Character
Shakespeare
Book
Author
Novel
Poem
Young Adult
Children's Books
Play
Lord of the Rings
Literature
Harry Potter
A Song of Ice and Fire
The Hunger Games
Literary Character
Shakespeare
Book
Author
Novel
Poem
Young Adult
Children's Books
Play
Lord of the Rings
Random Quiz
Search Sporcle
×
Quiz Lab
Quiz Lab
Literature
The Hunger Games
Type in answers that appear in a list
Type in answers that appear in a list
Classic
Best Score? Go Orange.
Hunger Games Trilogy A-Z Quiz Stats
Can you name the A-Z of the Hunger Games.?
By
ducky_luver
9m
43 Questions
1,992 Plays
1,992 Plays
1,992 Plays
Comments
Comments
Give Quiz Kudos
Give Quiz Kudos
-
- Ratings
hide this ad
Replay
Link that replays current quiz
Next Quiz
Link to next quiz in quiz playlist
You Got
0%
They Got
Avg Score
67%
Avg Friend Score
Upgrade to see
Score Distribution
Jump to the score distribution portion of the page
Score
0/43
Timer
09:00
0
Plays Today
Hint
Answer
% Correct
Haymitch's last name.
Abernathy
86.8%
Katniss' stylist.
Cinna
85.4%
Main character.
Katniss Everdeen
85.4%
The annual event of which the book is named after.
Hunger Games
84.4%
Panem it split into 13 of them.
Districts
83.6%
Katniss' best friend.
Gale Hawthorne
83.6%
Katniss' ally in the 74th Games. Reminds her of Prim.
Rue
82.3%
Dies in the 74th Games from poisonous berries that she steals from Katniss and Peeta.
Foxface
81.6%
Peeta's favourite colour.
Orange
81.4%
Katniss' sister.
Primrose Everdeen
81.3%
Just type '?'. (add a space on the end)
?
81.3%
Just type '?'. (add a apace on the end)
?
81.3%
Expert fisher from District 4. Likes sugar cubes.
Finnick Odair
80.6%
Escorts District 12 at the Hunger Games.
Effie Trinket
79.5%
A Capitol created bird to record and play plans being made in the Districts.
Jabberjay
78.7%
A special kind of the games that occurs every 25 years.
Quarter Quell
77.3%
Often described as District 12's 'black market'.
Hob
76.9%
Tribute in the 74th Games. Expert at throwing knives.
Clove
75.9%
The poisonous berries that killed foxface.
Nightlock
73.9%
Finnick's weapon.
Trident
73.7%
A piece of clothing that used to belong to Katniss' father that she now uses for hunting.
Jacket
72.9%
Caesar Flickerman's job.
Interviewer
72.8%
Hint
Answer
% Correct
Girl from District 3. 'Ticktockticktockticktock'.
Wiress
71.2%
Head gamemaker that lost his life because he let both Peeta and Katniss win the Games.
Seneca Crane
71.1%
Killed Rue in the 74th Games.
Marvel
70%
Makes stew at the hob.
Greasy Sae
68.2%
Peeta's stylist.
Portia
67.7%
Clever boy from District 3. A tribute in the 75th Games
Beetee
67.1%
The name of Prim's goat.
Lady
63.2%
Madge's last name.
Undersee
61%
Part of Katniss' prep team.
Venia
59.6%
A peacekeeper in 12 before Thread.
Darius
59.4%
Annie's last name.
Cresta
58.6%
Bonnie's friend.
Twill
54.2%
Peeta's family's profession.
Baking
51.9%
Food that 12's Mayor likes to buy from Katniss and Gale.
Strawberries
50.5%
One of Gale's brothers.
Vick Hawthorne
44.2%
Haymitch's ally in the 50th Games.
Maysilee Donner
43.6%
Avox with red hair.
Lavinia
38.4%
Thread's first name.
Romulus
37.7%
In charce of training Katniss and Johanna in District 13.
York
29.3%
Katniss' doctor's name.
Aurelius
27.5%
District 11 has a lot of them.
Orchards
26.7%
Quiz Playlist
Details
Report
Send in Message
Add To Playlist
Classic:
Type in answers that appear in a list
Last Updated: Sep 26, 2018
Quiz Scoreboard
CHALLENGE
Sign Up to Join the Scoreboard
Show All
Scores
Hide
Comments
May contain spoilers
Recently Published
TV Characters by Other Roles V
by ghcgh
Television
5m
Decade Duel: World Leaders
by jenniferyan
History
4m
Alphabetical 'K' Countries by Flag Minefield
by ylime102
Geography
3m
More to Explore
Quiz From the Vault
Featured Blog Post
15 Basketball Trivia Facts You Can Be March Mad About
hide this ad
You Might Also Like...
Tags
Book Quiz
The Hunger Games Quiz
A-Z
Hunger
Trilogy
Today's Top Quizzes in Literature
Browse Literature
hide this ad
Today's Top Quizzes in The Hunger Games
Browse The Hunger Games
Top Contributed Quizzes in Literature
1
Criteria Quiz: Harry Potter Gryffindors
2
Criteria Quiz: Harry Potter Deaths
3
Season Plays
4
Harry Potter Progressively Harder
5
Pick 3: Harry Potter Hogwarts Quidditch Players
6
Harry Potter Alphabet Blitz A
7
Harry Potter Characters: Logic Puzzle
8
Spring Reading List
9
Word Ladder: King's 'The Stand'
10
Harry Potter logic puzzle: Triwizard Tournament
Explore More
Trending Topics
Anime
Kpop
NBA
Marvel
Crossword
Harry Potter
Disney
WWE
NFL
Country
Pokémon
The Office
Soccer
Puzzle
Song
hide this ad
More By:
ducky_luver
Quiz
Plays
Rating
Category
Featured
Created
Hunger Games Trilogy Chain
2,945
2.70
Literature
Sep 17, 2011
Hunger Games Trilogy A-Z Quiz
1,992
3.50
Literature
Jan 3, 2012
Go to Creator's Profile
Score Distribution
Quiz Creator Spotlight
ducky_luver
Follow
Send a Message
Quizzes Created
-
Created Quiz Play Count
-
More By This Creator
Popular Quizzes Today
1
Countries of Asia Without Outlines Minefield
2
Find the US States - No Outlines Minefield
3
Pick 6: Fruits
4
The Countries of the World
5
Find the Countries of Europe - No Outlines Minefield
6
Alphabetical 'K' Countries by Flag Minefield
7
US States
8
Find the US States
More Literature Quizzes
Harry Potter Incantations by Book
Editor's Pick
Trending Quizzes
Pick 6: Mountains
Pick 6: Harry Potter
Pick 6: Flags
Pick 6: NFL Teams
C Names for Actors
Recently Updated
Adaptations: Name the Title
pecheneg
NWSL Teams
pecheneg
Women's Final Four Teams by Year
bhenderson79
Presidents Quartet II
eogle
Anything But Clue(do)
eogle
Anything But Oceanian Capitals
eogle
Anything But 7
eogle
Anything But Thing
eogle
Word Ladder: February 29
pecheneg
Song Title Questions
pecheneg
Trending Topics
Harry Potter
Marvel
Anime
Crossword
NBA
Kpop
Disney
NFL
Pokémon
Country
Song
Puzzle
Soccer
WWE
The Office
Your Account Isn't Verified!
In order to create a playlist on Sporcle, you need to verify the email address you used during registration. Go to your
Sporcle Settings
to finish the process.
Report this User
Report this user for behavior that violates our
Community Guidelines
.
Details:
Send Report
Go to the Sporcle.com Mobile Site →
Comments